Capital Cities with an F in Its Spelling - Statistics

General Stats
  • This quiz has been taken 61 times
  • The average score is 3 of 5
Answer Stats
Answer % Correct
FREETOWN
81%
SOFIA
81%
FUNAFUTI
77%
NUKUʻALOFA
53%
BLOEMFONTEIN
47%
No matching quizzes found
Score Distribution
Percent of People with Each Score
Percentile by Number Answered
Your Score History
You have not taken this quiz